| Tag |
First Indicator |
Second Indicator |
Subfields |
| LEADER |
00000cem a2200000 a 4500 |
| 001 |
in00001617521 |
| 005 |
20151023054415.0 |
| 007 |
aj canzn |
| 008 |
010302s2000 pau a s 0 eng |
| 010 |
|
|
|a 2001621203
|
| 034 |
1 |
|
|a a
|b 2000000
|d W0803200
|e W0744100
|f N0421700
|g N0394300
|
| 035 |
|
|
|a (OCoLC)ocm44877643
|
| 040 |
|
|
|a DLC
|c DLC
|d JNA
|d TXA
|d UtOrBLW
|
| 043 |
|
|
|a n-us-pa
|
| 049 |
|
|
|a TXAM
|
| 050 |
0 |
0 |
|a G3821.H5 2000
|b .P4
|
| 052 |
|
|
|a 3821
|
| 072 |
|
7 |
|a H5
|2 lcg
|
| 110 |
1 |
|
|a Pennsylvania.
|b Bureau of Topographic and Geologic Survey.
|
| 245 |
1 |
0 |
|a Limestone and dolomite distribution in Pennsylvania /
|c prepared by Bureau of Topographic and Geologic Survey.
|
| 250 |
|
|
|a 4th ed. 1990, 3rd print. rev. 2000.
|
| 255 |
|
|
|a Scale 1:2,000,000
|c (W 80⁰32ʹ--W 74⁰41ʹ/N 42⁰17ʹ--N 39⁰43ʹ).
|
| 264 |
|
1 |
|a [Harrisburg] :
|b Commonwealth of Pa., Dept. of Conservation and Natural Resources, Bureau of Topographic and Geologic Survey,
|c [2000]
|
| 300 |
|
|
|a 1 map :
|b color ;
|c on sheet 22 x 28 cm.
|
| 336 |
|
|
|a cartographic image
|b cri
|2 rdacontent
|
| 337 |
|
|
|a unmediated
|b n
|2 rdamedia
|
| 338 |
|
|
|a sheet
|b nb
|2 rdacarrier
|
| 490 |
1 |
|
|a Map ;
|v 15
|
| 500 |
|
|
|a Includes notes in legend and DCNR logotype.
|
| 500 |
|
|
|a Text on verso.
|
| 504 |
|
|
|a Bibliography on verso.
|
| 500 |
|
|
|a "2200-MP-DCNR0497."
|
| 500 |
|
|
|a Cartographic material.
|
| 650 |
|
0 |
|a Limestone
|z Pennsylvania
|v Maps.
|
| 650 |
|
0 |
|a Dolomite
|z Pennsylvania
|v Maps.
|
| 710 |
1 |
|
|a Pennsylvania.
|b Department of Conservation and Natural Resources.
|
| 830 |
|
0 |
|a Map (Pennsylvania. Bureau of Topographic and Geologic Survey) ;
|v 15.
|
| 948 |
|
|
|a cataloged
|b h
|c 2001/6/7
|d c
|e jgreene
|f 2:23:24 pm
|
| 994 |
|
|
|a E0
|b TXA
|
| 999 |
|
|
|a MARS
|
| 999 |
f |
f |
|s ef3bdfe0-9a64-306b-8c57-7d3d1ea7b159
|i ed7aea4c-8e50-3c04-9005-9819992c4f4e
|t 0
|
| 952 |
f |
f |
|p normal
|a Texas A&M University
|b College Station
|c Sterling C. Evans Library
|d Evans: Maps (2nd floor)
|t 0
|e G3821.H5 2000 .P4
|h Library of Congress classification
|i unmediated -- sheet
|m A14827620470
|
| 998 |
f |
f |
|a G3821.H5 2000 .P4
|t 0
|l Evans: Maps (2nd floor)
|